000 00934nas a2200313 4500
001 BR2011001091
003 BR-BrBNA
005 20231205114448.0
007 ta
008 230509b bl.|||p| |||| 00| 00por d
040 _aBR-BrBNA
_bpor
_cBiblioteca Nacional de Agricultura
041 _a(Pt)
072 _aF62; F04; F06
100 1 _aOliveira, F. de A. de
100 1 _aMedeiros, J.F. de
100 1 _aLima, C.J.G. de S.
100 1 _aDutra, I.
100 1 _aOliveira, M.K.T. de
245 1 _aCrescimento do meloeiro Gália fertirrigado com diferentes doses de nitrogênio e potássio
650 _aMELÃO
650 _aCRESCIMENTO
650 _aFERTIRRIGAÇÃO
650 _aNITROGÊNIO
650 _aPOTÁSSIO
650 _aDOSE
773 0 _tRevista Caatinga (Brazil)
_xISSN 0100-316X
_g(Jul-Sep 2008), v. 21(3) p. 162-167
_wBR2011001091
909 _a202311
_bLúcia
_c55
_dLúcia Elande
942 _2AGRIS
_n0
_cANA
999 _c208881
_d208881